Statistiken für Von James Bond bereiste Länder

Klicken Sie hier um das Quiz zu spielen!

Allgemein

  • Dieses Quiz wurde 163 mal gespielt
    (92 seit der letzten Aktualisierung)
  • Das Durchschnittsergebnis liegt bei 34 aus 46

Antworten auf der Karte

Die Antworten werden auf der Karte rot bzw. grün angezeigt, abhängig davon wie oft sie richtig erraten wurden.
 

Antwortstatistiken

FilmLand% Korrekt
Octopussy, Der Morgen stirbt nieDeutschland
100%
Feuerball, Moonraker, Im Angesicht des Todes, GoldenEyeFrankreich
100%
Im Angesicht des Todes, GoldenEye, Ein Quantum TrostRussland
100%
Goldfinger, Feuerball, Diamantenfieber, Leben und sterben lassen, Im Angesicht des Todes, Lizenz zum Töten, Casino RoyaleVereinigte Staaten
100%
Liebesgrüße aus Moskau, Der Spion, der mich liebte, Moonraker, In tödlicher Mission, Casino Royale, Ein Quantum Trost, Skyfall, Keine Zeit zu sterbenItalien
99%
alle außer Man lebt nur zweimalVereinigtes Königreich
99%
In tödlicher Mission, Die Welt ist nicht genugSpanien
97%
Man lebt nur zweimal, Der Morgen stirbt nieJapan
96%
MoonrakerBrasilien
95%
Man lebt nur zweimal, Der Mann mit dem goldenen Colt, Der Morgen stirbt nie, Stirb an einem anderen Tag, SkyfallChina
95%
Diamantenfieber, SpectreMexiko
95%
Goldfinger, Im Geheimdienst Ihrer MajestätSchweiz
95%
OctopussyIndien
91%
Der Spion, der mich liebte, Der Hauch des Todes, Ein Quantum Trost, SpectreÖsterreich
90%
Diamantenfieber, Der Spion, der mich liebteÄgypten
83%
In tödlicher MissionGriechenland
83%
Keine Zeit zu sterbenNorwegen
83%
Im Geheimdienst Ihrer MajestätPortugal
83%
Stirb an einem anderen TagSüdkorea
83%
Liebesgrüße aus Moskau, Die Welt ist nicht genug, SkyfallTürkei
83%
GoldenEye, Stirb an einem anderen Tag, Keine Zeit zu sterbenKuba
81%
Der Hauch des Todes, SpectreMarokko
79%
DiamantenfieberNiederlande
79%
Der Mann mit dem goldenen ColtThailand
79%
Casino RoyaleTschechien
77%
Ein Quantum TrostChile
71%
Stirb an einem anderen TagNordkorea
70%
Der Morgen stirbt nieVietnam
70%
Liebesgrüße aus MoskauKroatien
66%
Stirb an einem anderen TagIsland
64%
Dr. No, Keine Zeit zu sterbenJamaika
61%
Die Welt ist nicht genugKasachstan
58%
Liebesgrüße aus MoskauSerbien
57%
Der Hauch des TodesAfghanistan
56%
Ein Quantum TrostHaiti
56%
Der Hauch des Todes, Casino RoyalePakistan
56%
Feuerball, Lizenz zum Töten, Casino RoyaleBahamas
53%
Ein Quantum TrostBolivien
53%
Der Hauch des TodesSlowakei
52%
GoldenEyeMonaco
49%
Casino RoyaleMontenegro
49%
In tödlicher MissionAlbanien
48%
Casino RoyaleMadagaskar
48%
SpectreVatikanstadt
40%
Die Welt ist nicht genugAserbaidschan
30%
Der Mann mit dem goldenen ColtLibanon
21%

Verteilung der Resultate

Perzentil nach korrekt beantworteten Fragen

Anzahl Personen mit jedem Resultat

Ihre Resultats-Entwicklung

Sie haben dieses Quiz seit der letzten Aktualisierung nicht gespielt